000 00291nam a22001337a 4500
008 210302b ||||| |||| 00| 0 eng d
020 _a9781617403439
041 _aeng
080 _22nd
_a37
100 _a46
101 _aEDU
245 _aThe Engaged Reader
_cBreeze,W
942 _2udc
_cBK
999 _c55455
_d55455